000 00640nam a2200217Ia 4500
005 20250508162019.0
008 008 250505s9999 xx 000 0 eng d
020 _a0-12-411355-9
037 _aTextual
040 _aFEDL
_beng
_cFEDL
041 _aeng
_2eng
084 _a153, KLA
_qFEDL
100 _aKlausmeier Herbert J.
245 0 _aCognitive development of children and youth : A longitudinal study
260 _aNew York, USA
_bAcademic Press
_c1978
300 _avi,327p.
490 _aEducational psychology
700 _a Allen Patricia S.
_9772051
942 _cTEXL
_h153, KLA
999 _c1373831
_d1373831